| 000 | 00622ntaaa2200217 4500 | ||
|---|---|---|---|
| 003 | 01 | ||
| 005 | 20251027202204.0 | ||
| 008 | 0714s1973 ag 01 | ||
| 040 |
_aAR-BaBN _bspa _cAR-BaBN _eaacr _dRIC |
||
| 082 | _a267.4000 F87 | ||
| 100 |
_aFreeman, C.H. de _920441 |
||
| 245 | _aCampos blancos | ||
| 250 | _a1 ed. | ||
| 260 |
_aBuenos Aires : _bImprenta Metodista, _cc1938 |
||
| 300 | _a67 p | ||
| 500 | _aEjs. 3, 4, 5 (4883, 4884 and 4885) retirados definitivamente de biblioteca | ||
| 650 |
_aunión femenil misionera _917041 |
||
| 700 |
_aEllis, Martha _920442 |
||
| 700 |
_aQuarles, E. de _920443 |
||
| 942 | _cBK | ||
| 999 |
_c16825 _d16825 |
||